Kitsune : Grand manuel de japonais (notice n° 2140991)
[ vue normale ]
| 000 -LEADER | |
|---|---|
| fixed length control field | 01183cam a2200157 4500500 |
| 005 - DATE AND TIME OF LATEST TRANSACTION | |
| control field | 20260405024738.0 |
| 041 ## - LANGUAGE CODE | |
| Language code of text/sound track or separate title | fre |
| 042 ## - AUTHENTICATION CODE | |
| Authentication code | dc |
| 100 10 - MAIN ENTRY--PERSONAL NAME | |
| Personal name | Ogawa, Junko |
| Relator term | author |
| 245 00 - TITLE STATEMENT | |
| Title | Kitsune : Grand manuel de japonais |
| 260 ## - PUBLICATION, DISTRIBUTION, ETC. | |
| Name of publisher, distributor, etc. | Armand Colin,<br/> |
| Date of publication, distribution, etc. | 2024.<br/> |
| 520 ## - SUMMARY, ETC. | |
| Summary, etc. | Ce manuel de japonais conçu pour débutants fournit un cours étape par étape pour apprendre le japonais tel qu’il est écrit et parlé aujourd’hui. Exercices de compréhension écrite et orale corrigés, dialogues avec situations narratives variées, listes de vocabulaire, points de grammaire, pistes audio, feuilles d’entraînement pour maîtriser les hiraganas, les katakanas et les kanjis… Il enseigne les compétences essentielles pour s’exprimer dans un large éventail de situations concrètes, jusqu’à la maîtrise du niveau B1 du Cadre européen des langues. La méthode est agrémentée de points culturels sur les coutumes et les caractéristiques de la vie au Japon. |
| 700 10 - ADDED ENTRY--PERSONAL NAME | |
| Personal name | Enokida, Fumitsugu |
| Relator term | author |
| 700 10 - ADDED ENTRY--PERSONAL NAME | |
| Personal name | Hirai, Takehiro |
| Relator term | author |
| 856 41 - ELECTRONIC LOCATION AND ACCESS | |
| Uniform Resource Identifier | <a href="https://shs.cairn.info/kitsune-grand-manuel-de-japonais--9782200637996?lang=fr&redirect-ssocas=7080">https://shs.cairn.info/kitsune-grand-manuel-de-japonais--9782200637996?lang=fr&redirect-ssocas=7080</a> |
Pas d'exemplaire disponible.




Réseaux sociaux